00582nam a2200241Ia 4500008004100000020002100041100001900062245002800081245002200109260001500131260002000146260000900166300001600175300002600191300001100217440002000228440001000248650001600258650001400274650002200288650002200310700000800332160803s9999 xx 000 0 und d a 978-0545270366 aMeadows, Daisy aAmelie the seal fairy / cby Daisy Meadows. aNew York : bScholastic Inc. c2010 a65 pages :  billustrations, map ;  c20 cm. aOcean Fairies : vbk. 2 aFairies --  aMagic --  xJuvenile fiction. xJuvenile fiction. a770